| 000 | 00543nam a2200181Ia 4500 | ||
|---|---|---|---|
| 005 | 20250508163504.0 | ||
| 008 | 008 250505s9999 xx 000 0 eng d | ||
| 037 | _aTextual | ||
| 040 |
_aFEDL _beng _cFEDL |
||
| 041 |
_aeng _2eng |
||
| 084 |
_a379.111, VER _qFEDL |
||
| 100 | _aVerma Rajendra | ||
| 245 | 0 | _aEducational planning and poverty of India: A comparative study 1944-77 | |
| 260 |
_aNew Delhi, India _bLancers Publishers _c1978 |
||
| 300 | _av,202p | ||
| 942 |
_cTEXL _h379.111, VER |
||
| 999 |
_c1383646 _d1383646 |
||